The longman handbook for writers and readers (Record no. 35958)

MARC details
000 -LEADER
fixed length control field 00651nam a2200193Ia 4500
020 ## - INTERNATIONAL STANDARD BOOK NUMBER
ISBN 9780205742004
050 ## - CALL MARK
Classification number PE 1408 .A57/
100 ## - STATEMENT OF RESPONSIBILITY--MAIN AUTHOR NAME
Personal name Anson, Chris M.
245 #4 - TITLE STATEMENT
Title The longman handbook for writers and readers
250 ## - EDITION / VOLUME STATEMENT
Edition / Volume statement 6th ed.
260 ## - PUBLICATION, DISTRIBUTION, ETC. (IMPRINT)
Place of publication Boston
260 ## - PUBLICATION, DISTRIBUTION, ETC. (IMPRINT)
Name of publisher Longman
260 ## - PUBLICATION, DISTRIBUTION, ETC. (IMPRINT)
Year of publication 2011
300 ## - PHYSICAL DESCRIPTION
Number of Pages 839 p
650 ## - SUBJECT ADDED ENTRY--TOPICAL TERM
Topical Term English language--Rhetoric--Handbooks, manuals, etc. English language--Grammar--Handbooks, manuals, etc. Reading comprehension--Handbooks, manuals, etc. Report writing--Handbooks, manuals, etc.
942 ## - ADDED ENTRY ELEMENTS (KOHA)
Koha item type Books
Holdings
Withdrawn status Lost status Source of classification or shelving scheme Damaged status Not for loan Permanent Location Current Location Date acquired Accession Number Price effective from Koha item type
    Library of Congress Classification     NILE UNIVERSITY OF NIGERIA - MAIN LIBRARY NILE UNIVERSITY OF NIGERIA - MAIN LIBRARY 04/23/2025 0185938 04/23/2025 Books